000 00535pab a2200169 454500
008 180718b1997 xxu||||| |||| 00| 0 eng d
100 _aFreund, Caroline
245 _aPublic-sector price reforms in transition economies: who gains? who loses? the case of household energy prices in Poland
260 _c1997
300 _ap.35-59
362 _aOct
650 _aEnergy consumption - Poland
650 _aEnergy consumption
700 _aWallich, Christine
773 _aEconomic Development and Cultural Change
909 _a36625
999 _c36625
_d36625